Maʼāthir al-ʻArab ʻalá al-ḥaḍārah al-Ūrubbīyah /

محفوظ في:

المؤلف الرئيسي: Maẓhar, Jalāl (مؤلف)

التنسيق: كتاب

اللغة: Arabic

منشور في: al-Qāhirah : Maktabat al-Anjlū al-Miṣrīyah, 1960.

الموضوعات:

الوسوم: إضافة وسم

لا توجد وسوم, كن أول من يضع وسما على هذه التسجيلة!

رقم الطلب: CB353 .M38 1960

LEADER 01245nam a2200229Ia 4500
003 OSt
005 20230208112730.0
008 130303s1960 ua a 000 0 ara d
952 |0 0  |1 0  |2 lcc  |4 0  |6 CB0353 M38 01960  |7 1  |9 45529  |a ARCE  |b ARCE  |d 2023-02-08  |l 0  |o CB353 .M38 1960  |p 1029782  |r 2023-02-08 00:00:00  |w 2023-02-08  |y BK 
999 |c 26502  |d 26502 
040 |c ARCE Library 
050 4 |a CB353 .M38 1960 
100 1 |6 880-01  |a Maẓhar, Jalāl,  |e author 
245 1 0 |6 880-02  |a Maʼāthir al-ʻArab ʻalá al-ḥaḍārah al-Ūrubbīyah /   |c Jalāl Mazḥar; Taqdīm Kamāl al-Dīn Rifʻat wa-Saʻd ʻArfah. 
264 1 |a al-Qāhirah :  |b Maktabat al-Anjlū al-Miṣrīyah,  |c 1960. 
300 |a 10, 256 pages :   |b illustrations ;   |c 20 cm. 
650 0 |a Civilization, Western  |x Islamic influences. 
650 0 |a Islamic civilization. 
880 1 |6 100-01/(3/r  |a مظهر، جلال 
880 1 0 |6 245-02/(3/r  |a مآثر العرب على الحضارة الأوربية   |c تأليف جلال مظهر؛ تقديم كمال الدين رفعت، سعد عفره‪‪‪‪‪‪‪‪‪‪‪‪‪‪‪‪‪‪‪‪‪‪‪‪‪‪‪‪‪‪‪‪‪‪‪‪‪‪‪‪‪‪‪‪‪‪‪‪‪‪‪‪‪‪‪‪‪‪ 
901 |a reviewed 
942 |c BK  |2 lcc